000 00421nam a2200181Ia 4500
001 15526
005 20260306170202.0
008 260306t1960||||xx |||||||||||||| ||und||
041 _aESP
082 _a542
_bB11
100 _aBabor, José A.
_eAUT
245 0 _aPrácticas de química general
260 _c1960
300 _a293 páginas :
_c23 cm.
650 _aGEN
654 _aCCN
942 _cLIB
_dJUS
_fJUS
_2ddc
_n
999 _c15526
_d15526